| 000 | 00371nam a2200145Ia 4500 | ||
|---|---|---|---|
| 008 | 230917s9999||||xx |||||||||||||| ||und|| | ||
| 040 |
_e34698 _aMAIN |
||
| 041 | _aEnglish | ||
| 082 | _a942 H629R:E | ||
| 100 | _aRead, Donald | ||
| 245 | 0 | _aEngland 1868-1914: the age of urban democracy | |
| 260 |
_aLondon _bLongman Group _c1979 |
||
| 300 | _avii,529 p. | ||
| 942 | _cBK | ||
| 999 |
_c211339 _d211339 |
||